The normal Christian worker / (Record no. 18446)
[ view plain ]
| 000 -LEADER | |
|---|---|
| fixed length control field | 00724nam a2200169 4500 |
| 008 - FIXED-LENGTH DATA ELEMENTS--GENERAL INFORMATION | |
| fixed length control field | 031215s1994 hk m a000 0 eng d |
| 020 ## - INTERNATIONAL STANDARD BOOK NUMBER | |
| International Standard Book Number | 1575933225 :gift |
| 090 ## - LOCALLY ASSIGNED LC-TYPE CALL NUMBER (OCLC); LOCAL CALL NUMBER (OCLC) | |
| Classification number (OCLC) (R) ; Classification number, CALL (RLIN) (NR) | BV4520 |
| Local cutter number (OCLC) ; Book number/undivided call number, CALL (RLIN) | N28c |
| 100 1# - MAIN ENTRY--PERSONAL NAME | |
| Personal name | Nee, Watchman. |
| 245 14 - TITLE STATEMENT | |
| Title | The normal Christian worker / |
| Statement of responsibility, etc | by Watchman Nee. |
| 260 ## - PUBLICATION, DISTRIBUTION, ETC. (IMPRINT) | |
| Place of publication, distribution, etc | Anaheim, CA : |
| Name of publisher, distributor, etc | Living Stream Ministry, |
| Date of publication, distribution, etc | 1994. |
| 300 ## - PHYSICAL DESCRIPTION | |
| Extent | 172 p. |
| 500 ## - GENERAL NOTE | |
| General note | The messages have been previously translated into English and published as : The Normal Christian worker." Series of messages given to a group of fellow-workers in 1948. Translated from Chinese. |
| 650 #4 - SUBJECT ADDED ENTRY--TOPICAL TERM | |
| Topical term or geographic name as entry element | Theology, Practical. |
| 951 ## - EQUIVALENCE OR CROSS-REFERENCE-GEOGRAPHIC NAME/AREA NAME [OBSOLETE] [CAN/MARC only] | |
| General subdivision | 00028807 |
| 740 02 - ADDED ENTRY--UNCONTROLLED RELATED/ANALYTICAL TITLE | |
| Uncontrolled related/analytical title | The normal Christian worker.5 |
| 951 ## - EQUIVALENCE OR CROSS-REFERENCE-GEOGRAPHIC NAME/AREA NAME [OBSOLETE] [CAN/MARC only] | |
| -- | 26768 |
| -- | BV4520/N28c |
| -- | 070613111328750 |
| -- | 2000-12-21 |
| -- | GC |
| Withdrawn status | Lost status | Damaged status | Not for loan | Home library | Current library | Shelving location | Date acquired | Accession number | Shelving control number | Total Checkouts | Full call number | Barcode | Date last seen | Price effective from | Koha item type |
|---|---|---|---|---|---|---|---|---|---|---|---|---|---|---|---|
| BSOP Library | BSOP Library | GC | 12/21/2000 | 26768 | 127 | BV4520/N28c | 00028807 | 02/23/2013 | 02/23/2013 | Books |
